• 首页
  • 本馆介绍
  • 公告通知
  • 最新文献
  • 馆藏检索
  • 电子资源
  • 读者导购
  • 参考咨询
  • 我的图书馆
  • 登录
  • 详细信息显示
  • 放入我的书架
  • 预约/预借图书
  • 作者相关作品
  • 分类相关作品
  • 丛书相关作品
  • 出版社相关作品

书目信息

  • 表格格式
  • 工作单格式
  • 卡片格式
题名:
教育统计学
    
 
作者: 王孝玲 编著
分册:  
出版信息: 上海   华东师范大学出版社  1993
页数: 459页
开本: 20cm
丛书名:
单 册:
中图分类: G40-051
科图分类:
主题词: 教育统计
电子资源:
ISBN: 7-5617-0961-7
000 00526nam0 2200193 45
001 0201081661
005 20070619081803.75
010    @a7-5617-0961-7@dCNY14.00
100    @a20020108d1993 km y0chiy0120 ea
101 0  @achi
200 1  @a教育统计学@AJiao Yu Tong Ji Xue@f王孝玲编著@FWang Xiao Ling Bian Zhu
205    @a修订版
210    @a上海@c华东师范大学出版社@d1993@h1999
215    @a459页@d20cm
606 0  @a教育统计
690    @aG40-051@v4
701  0 @a王孝玲@4编著
801    @aCN@bTSTC@c20070619
905    @dG40-051@e219
    
    教育统计学/王孝玲编著.-修订版.-上海:华东师范大学出版社,1993(1999)
    459页;20cm
    
    
    ISBN 7-5617-0961-7:CNY14.00
    
●
相关链接 在E读中查询图书 在五车中查询图书 在当当中查询图书 在豆瓣中查询图书


正题名:教育统计学     索取号:G40-051/219         预约/预借

序号 登录号 条形码 馆藏地/架位号 状态 备注
1 0654741   206547414   库房3/ [索取号:G40-051/219] 在馆    
唐山师范学院图书馆 欢迎您!
大连网信软件有限公司© 版权所有